000
00289nam a22001337a 4500
008
260218b ||||| |||| 00| 0 eng d
020
_a
9788800806763
041
_a
eng
080
_a
2.1
100
_a
20.1
101
_a
ital
245
_a
IL Segreto
_c
Sofia L.Arconati
942
_2
lcc
_c
BK
999
_c
60809
_d
60809